| 000 | 00566nam a22001937a 4500 | ||
|---|---|---|---|
| 999 |
_c3001 _d3001 |
||
| 003 | AR-CdUCM | ||
| 008 | 190305b ||||| |||| 00| 0 spa d | ||
| 040 |
_aMUNICIPALIDAD PROVINCIAL DEL CUSCO _cBIBLIOTECA MUNICIPAL DEL CUSCO |
||
| 082 |
_22ed. _a869.44 / _bQ7 |
||
| 100 |
_aQuino M., Humberto _910240 |
||
| 245 | _aEl diablo predicador / | ||
| 260 |
_aLa Paz : _c1983. |
||
| 300 |
_a51 páginas ; _c17 cm. |
||
| 440 |
_aColección arcabuz _910241 |
||
| 500 | _aDonación Familia Nieto | ||
| 650 |
_aPoesía boliviana _92577 |
||
| 942 |
_2ddc _cLIBROS |
||
| 945 | _aafb | ||